00634 2200193 4500001002100000005001500021035002000036007000300056008003900059082001000098084001700108100001700125245016200142260006000304300004200364650001100406650001000417022001300427INLIS00000000000094320240909085438 a0010-0924000021ta240909 | | |  a635.6 a635.6 KUM c0 aKumar, Rohit1 aComparative life cycle assessment of environmental impacts and economic feasibility of tomato cultivation systems in northern plains of India /cKumar, Rohit aUnited States, London :bNature Publishing Group,c2024 a1-17 hlm, :bilus, ;c21 cm X 29,5 cm 4aJurnal 4aTomat a20452322